[Event "FRA-ch U16 Girls"]
[Site "Hyeres"]
[Date "2019.04.15"]
[Round "3"]
[White "Tomasi, Elise"]
[Black "Herreman Boutot, Louise"]
[Result "1-0"]
[WhiteElo "1904"]
[BlackElo "1714"]
[PlyCount "73"]
[EventDate "2019.04.14"]
[EventType "swiss"]
[EventRounds "9"]
[EventCountry "FRA"]
[SourceTitle "CBM 190 Extra"]
[Source "ChessBase"]
[SourceDate "2019.07.15"]
[SourceVersion "1"]
[SourceVersionDate "2019.07.15"]
[SourceQuality "1"]

1. d4 d5 2. Nf3 Nf6 3. g3 c5 4. Bg2 Nc6 5. 0-0 e6 6. c4 dxc4 7. dxc5 Qxd1 8. Rxd1 Bxc5 9. Nbd2 0-0 10. Nxc4 Re8 11. b3 Ne4 12. Be3 Bxe3 13. Nxe3 e5 14. Rac1 Nf6 15. Nc4 Re7 16. b4 e4 17. Ng5 h6 18. b5 Nb4 19. Rd8+ Re8 20. Rxe8+ Nxe8 21. Nxe4 Be6 22. a3 Nd5 23. Ncd6 Nxd6 24. Nxd6 a6 25. b6 Nxb6 26. Bxb7 Ra7 27. Rc6 Nc4 28. Bxa6 Ne5 29. Rb6 Nd7 30. Nb5 Ra8 31. Rd6 Bh3 32. f3 Nc5 33. Nc7 Ra7 34. Rc6 Nd7 35. Nb5 Ra8 36. Rc8+ Rxc8 37. Bxc8 1-0